Health promotion and public health for nursing students
Saved in:
| Main Author: | |
|---|---|
| Format: | Book |
| Language: | English |
| Published: |
Learning Matters
2017
|
| Tags: |
Add Tag
No Tags, Be the first to tag this record!
|
MARC
| LEADER | 00000nam a22000007a 4500 | ||
|---|---|---|---|
| 008 | 210122b ||||| |||| 00| 0 eng d | ||
| 020 | |a 978-1-4739-7785-3 | ||
| 100 | |a EVANS, Daryl. | ||
| 245 | |a Health promotion and public health for nursing students |c Daryl Evans, Dina Coutsaftiki [and] C. Patricia Fathers |e (Transforming nursing practices). |g vii, 168p.; ill. | ||
| 250 | |b 3rd ed. | ||
| 260 | |b Learning Matters |c 2017 |h London |i 693329 |i 693330 |l RA427.8 .Ev1 |m Health promotion – Great Britain. |m Public health nursing – Great Britain. | ||
| 500 | |a “It includes references and index”. | ||
| 942 | |a lcc |c BK |e Adeniran, F. A |f 22/01/2021 | ||
| 952 | |0 0 |1 0 |2 lcc |4 0 |6 RA04278 E V1 |7 0 |9 1639 |a HOL |b ML |c QZ |d 2021-01-22 |l 0 |o RA427.8 .Ev1 |p 2021-0426 |r 2021-01-22 00:00:00 |w 2021-01-22 |y BK | ||
| 952 | |0 0 |1 0 |2 lcc |4 0 |6 RA04278 E V1 |7 0 |9 1640 |a HOL |b HOL |c QZ |d 2021-01-22 |l 0 |o RA427.8 .Ev1 |p 2021-0427 |r 2021-01-22 00:00:00 |w 2021-01-22 |y BK | ||
| 999 | |c 869 |d 869 | ||